MARC details
| 000 -LEADER |
| fixed length control field |
04282cam a2200433 a 4500 |
| 001 - CONTROL NUMBER |
| control field |
15849310 |
| 003 - CONTROL NUMBER IDENTIFIER |
| control field |
BDDh-ASL |
| 005 - DATE AND TIME OF LATEST TRANSACTION |
| control field |
20231015030921.0 |
| 008 - FIXED-LENGTH DATA ELEMENTS--GENERAL INFORMATION |
| fixed length control field |
170615m20072009bg ab be 001 0 b |
| 010 ## - LIBRARY OF CONGRESS CONTROL NUMBER |
| LC control number |
2009346463 |
| 020 ## - INTERNATIONAL STANDARD BOOK NUMBER |
| Canceled/invalid ISBN |
9843000002860 (set) |
| 025 ## - OVERSEAS ACQUISITION NUMBER |
| Overseas acquisition number |
B-E-2009-346463; 17 |
| 037 ## - SOURCE OF ACQUISITION |
| Source of stock number/acquisition |
Library of Congress -- New Delhi Overseas Office |
| Terms of availability |
Tk500 (v. 1 : varies) |
| 040 ## - CATALOGING SOURCE |
| Original cataloging agency |
DLC |
| Transcribing agency |
BDDh-ASL |
| Modifying agency |
BDDh-ASL |
| 042 ## - AUTHENTICATION CODE |
| Authentication code |
lcode |
| -- |
pcc |
| 043 ## - GEOGRAPHIC AREA CODE |
| Geographic area code |
a-bg--- |
| 050 00 - LIBRARY OF CONGRESS CALL NUMBER |
| Classification number |
QK358.7 |
| Item number |
.E53 2007 |
| 082 ## - DEWEY DECIMAL CLASSIFICATION NUMBER |
| Classification number |
503 |
| Item number |
BAN |
| 245 00 - TITLE STATEMENT |
| Title |
বাংলাদেশ উদ্ভিদ ও প্রাণী জ্ঞানকোষ, Vol.-24, সামুদ্রিক মাছ / |
| Statement of responsibility, etc. |
প্রধান সম্পাদক, জিয়া উদ্দিন আহমেদ ; সম্পাদক, উদ্ভিদ, জেড এন তাহমিদা বেগম, মো: আবুল হাসান, মুনিরুজ্জামান খন্দকার; ; প্রাণী, সৈয়দ মোহাম্মদ হুমায়ুন কবির ... [et al.]. |
| 246 30 - VARYING FORM OF TITLE |
| Title proper/short title |
Bangladesh Udvid O Prani Gayankosh, Encyclopedia of flora and fauna of Bangladesh |
| 260 ## - PUBLICATION, DISTRIBUTION, ETC. |
| Place of publication, distribution, etc. |
ঢাকা : |
| Name of publisher, distributor, etc. |
বাংলাদেশ এশিয়াটিক সোসাইটি , |
| Date of publication, distribution, etc. |
২০০৭-<২০০৯> |
| 300 ## - PHYSICAL DESCRIPTION |
| Extent |
ভলিউম. <১-২৮> : |
| Other physical details |
রঙ্গিন ছবি, ম্যাপ ; |
| Dimensions |
২৫ সে. মি. |
| 440 ## - SERIES STATEMENT/ADDED ENTRY--TITLE |
| Title |
Asiatic Society of Bangladesh publication; |
| Volume/sequential designation |
no. 104 |
| 9 (RLIN) |
312 |
| 500 ## - GENERAL NOTE |
| General note |
Editors vary in some volumes. |
| 504 ## - BIBLIOGRAPHY, ETC. NOTE |
| Bibliography, etc. note |
Includes bibliographical references and index. |
| 505 1# - FORMATTED CONTENTS NOTE |
| Formatted contents note |
v. 1. Bangladesh profile -- v. 2. Cyanobacteria, bacteria, and fungi -- v. 3. Algae: Chlorophyta (Aphanochaetaceae-Zygnemataceae) -- v. 4. Algae: Charophyta-Rhodophyta (Achnanthaceae-Vaucheriaceae) -- v. 5. Bryophytes, Pteridophytes, and Gymnosperms -- v. 6. Angiosperms: Dicotyledons (Acanthaceae-Asteraceae) -- v. 7. Angiosperms: Dicotyledons (Balsaminaceae-Euphorbiaceae) -- v. 8. Angiosperms: Dicotyledons (Fabaceae-Lythraceae) -- v. 9. Angiosperms: Dicotyledons Magnoliaceae-Punicaceae -- v. 10. Angiosperms: Dicotyledons Renunculaceae-Zygophyllaceae -- v. 11. Angiosperms: Monocotyledons Agavaceae-Najadaceae -- v. 12. Angiosperms: Monocotyledons, Orchidaceae-Zingiberaceae -- v. 13. Cumulative index flora -- v. 14. Protozoa to Gastrotricha -- v. 15. Platyhelminthes and Nematoda -- v. 16. Annelida Echinodermata Acanthocephala and minor phyla -- v. 17. Molluscs -- v. 18., pt. 1. Arthropoda: Archnida -- v. 18, pt. 2. Arthropoda: Crustacea -- v. 19. Arthropoda: Insecta I (Apterygota and Pterygota (Part)) -- v. 20. Arthropoda: Insecta II (Pterygota orders, Homoptera, Hemiptera Thysanoptera) -- v. 21. Arthropoda: Insceta III Pterygota (part), Pterygota orders, Neuroptera, Mecoptera, Lepidoptera, Trichoptera, Diptera, Siphonaptera -- v. 22. Anthropoda insecta IV -- v. 23. Freshwater fishes -- v. 24. Marine fishes -- v. 25. Ambhibians and reptiles -- v. 26. Birds -- v. 28. Cumulative index fauna |
| 650 #0 - SUBJECT ADDED ENTRY--TOPICAL TERM |
| Topical term or geographic name entry element |
Plants |
| Geographic subdivision |
Bangladesh |
| Form subdivision |
Encyclopedias. |
| 9 (RLIN) |
421 |
| 650 #0 - SUBJECT ADDED ENTRY--TOPICAL TERM |
| Topical term or geographic name entry element |
Animals |
| Geographic subdivision |
Bangladesh |
| Form subdivision |
Encyclopedias. |
| 9 (RLIN) |
422 |
| 700 1# - ADDED ENTRY--PERSONAL NAME |
| Personal name |
আহমেদ, জিয়া উদ্দিন |
| 9 (RLIN) |
428 |
| 700 1# - ADDED ENTRY--PERSONAL NAME |
| Personal name |
বেগম, জেড এন তাহমিদা |
| 9 (RLIN) |
429 |
| 700 1# - ADDED ENTRY--PERSONAL NAME |
| Personal name |
হাসান, মোহাম্মদ আবুল |
| 9 (RLIN) |
430 |
| 700 1# - ADDED ENTRY--PERSONAL NAME |
| Personal name |
খন্দকার, মুনিরুজ্জামান |
| 9 (RLIN) |
431 |
| 700 1# - ADDED ENTRY--PERSONAL NAME |
| Personal name |
কবির, সৈয়দ মোহাম্মদ হুমায়ুন |
| 9 (RLIN) |
432 |
| 710 2# - ADDED ENTRY--CORPORATE NAME |
| Corporate name or jurisdiction name as entry element |
বাংলাদেশ এশিয়াটিক সোসাইটি |
| 9 (RLIN) |
433 |
| 906 ## - LOCAL DATA ELEMENT F, LDF (RLIN) |
| a |
7 |
| b |
cbc |
| c |
origode |
| d |
2 |
| e |
ncip |
| f |
20 |
| g |
y-gencatlg |
| 942 ## - ADDED ENTRY ELEMENTS (KOHA) |
| Source of classification or shelving scheme |
Dewey Decimal Classification |
| Koha item type |
Books |